[Event "BUL-ch sf 79th"]
[Site "Plovdiv"]
[Date "2015.01.29"]
[Round "6"]
[White "Galunova, Tsveta"]
[Black "Stankov, Apostol"]
[Result "1-0"]
[WhiteElo "2157"]
[BlackElo "1860"]
[PlyCount "43"]
[EventDate "2015.01.25"]
[EventType "swiss"]
[EventRounds "9"]
[EventCountry "BUL"]
[SourceTitle "EXT 2016"]
[Source "ChessBase"]
[SourceDate "2015.10.08"]
[SourceVersion "1"]
[SourceVersionDate "2015.10.08"]
[SourceQuality "1"]

1. e4 c6 2. d4 d5 3. exd5 cxd5 4. c4 Nf6 5. Nc3 Nc6 6. Bg5 e6 7. Nf3 Be7 8. a3 0-0 9. Bd3 h6 10. Bh4 b6 11. cxd5 Nxd5 12. Bg3 Bb7 13. 0-0 Rc8 14. Bc2 Ba6 15. Re1 Nxc3 16. bxc3 Na5 17. Qd2 Qd5 18. Bb1 Qb3 19. Re3 Bxa3 20. Bc2 Qb2 21. Rb1 Nb3 22. Qd1 1-0

[Event "BUL-ch sf 78th"]
[Site "Plovdiv"]
[Date "2014.02.12"]
[Round "3"]
[White "Stankov, Apostol"]
[Black "Stoinev, Metodi"]
[Result "0-1"]
[WhiteElo "1915"]
[BlackElo "2231"]
[PlyCount "94"]
[EventDate "2014.02.10"]
[EventType "swiss"]
[EventRounds "9"]
[EventCountry "BUL"]
[SourceTitle "CBM 158 Extra"]
[Source "ChessBase"]
[SourceDate "2014.02.28"]
[SourceVersion "1"]
[SourceVersionDate "2014.02.28"]
[SourceQuality "1"]

1. e4 e5 2. Nf3 Nc6 3. Bb5 a6 4. Bxc6 dxc6 5. 0-0 Qd6 6. d4 exd4 7. Nxd4 Bd7 8. Be3 0-0-0 9. Nd2 Qg6 10. f3 Bc5 11. Qe2 Ne7 12. Nc4 f6 13. Nb3 Bxe3+ 14. Qxe3 Kb8 15. Nc5 Bc8 16. a4 Qf7 17. Qb3 Rd4 18. Na5 Qxb3 19. Naxb3 Rd6 20. a5 Rhd8 21. f4 Ng6 22. g3 Ka7 23. Rae1 Bh3 24. Rf2 b6 25. Nd3 c5 26. Nd2 Bc8 27. e5 fxe5 28. fxe5 Re6 29. Rf7 Rd7 30. Rxd7 Bxd7 31. h4 Re7 32. Nf3 Bc6 33. Nd2 Kb7 34. h5 Nf8 35. Nf4 g5 36. hxg6 hxg6 37. Nc4 g5 38. Nh3 Ne6 39. c3 g4 40. Nf4 Ng5 41. Kf2 Ne4+ 42. Kg1 b5 43. Ne3 Rxe5 44. Nxg4 Rg5 45. Nf2 Nxg3 46. Kh2 Nh5 47. N2d3 c4 0-1

[Event "BUL-ch sf 76th"]
[Site "Plovdiv"]
[Date "2012.02.08"]
[Round "4"]
[White "Ljangov, Petar"]
[Black "Stankov, Apostol"]
[Result "1/2-1/2"]
[WhiteElo "2101"]
[BlackElo "1916"]
[PlyCount "102"]
[EventDate "2012.02.06"]
[EventType "swiss"]
[EventRounds "9"]
[EventCountry "BUL"]
[SourceTitle "CBM 146 Extra"]
[Source "ChessBase"]
[SourceDate "2012.02.29"]
[SourceVersion "1"]
[SourceVersionDate "2012.02.29"]
[SourceQuality "1"]

1. e4 d6 2. d4 g6 3. Nc3 Nf6 4. g3 Bg7 5. Bg2 0-0 6. Nge2 e5 7. 0-0 exd4 8. Nxd4 Re8 9. h3 Nbd7 10. Re1 Nc5 11. Rb1 a5 12. b3 Bd7 13. a4 Rb8 14. Ba3 b6 15. Qd2 h6 16. Rbd1 Nh5 17. Nde2 Nf6 18. Nd4 Kh7 19. Re2 Qe7 20. Nd5 Nxd5 21. exd5 Qg5 22. Qxg5 hxg5 23. Rxe8 Rxe8 24. Nf3 g4 25. hxg4 Bxg4 26. Re1 Rxe1+ 27. Nxe1 Bd1 28. Bxc5 dxc5 29. Be4 Bd4 30. Kf1 Bc3 31. Bf3 Bxe1 32. Bxd1 Bc3 33. Ke2 g5 34. Kd3 Be1 35. Ke2 Bc3 36. g4 Kg6 37. Kd3 Be1 38. f3 Kf6 39. Ke4 Bd2 40. Be2 Be1 41. Ba6 Bd2 42. Bc8 Be1 43. Bf5 Bd2 44. Kd3 Be1 45. Ke4 Bd2 46. Bd7 Ke7 47. Bb5 Kf6 48. Bd7 Ke7 49. Bc8 Kf6 50. Ba6 Be1 51. Bb5 Bd2 1/2-1/2

[Event "BUL-ch sf 76th"]
[Site "Plovdiv"]
[Date "2012.02.07"]
[Round "3"]
[White "Stankov, Apostol"]
[Black "Nikolov, Jordan"]
[Result "1/2-1/2"]
[WhiteElo "1916"]
[BlackElo "2097"]
[PlyCount "142"]
[EventDate "2012.02.06"]
[EventType "swiss"]
[EventRounds "9"]
[EventCountry "BUL"]
[SourceTitle "CBM 146 Extra"]
[Source "ChessBase"]
[SourceDate "2012.02.29"]
[SourceVersion "1"]
[SourceVersionDate "2012.02.29"]
[SourceQuality "1"]

1. e4 e5 2. Nf3 Nc6 3. Nc3 Nf6 4. Bb5 Bb4 5. d3 d6 6. 0-0 Bxc3 7. bxc3 0-0 8. Bg5 Qe7 9. Bxc6 bxc6 10. Nd2 h6 11. Bxf6 Qxf6 12. Qe2 Re8 13. Qe3 c5 14. Rfb1 Qe7 15. Rb2 Qd7 16. Rab1 Qc6 17. c4 Qa6 18. f4 exf4 19. Qxf4 Qa5 20. Nf1 Qc3 21. Ne3 Qd4 22. Kh1 Be6 23. Rb7 Re7 24. h4 a5 25. g4 Rae8 26. Rb8 c6 27. Nf5 Bxf5 28. gxf5 Kh7 29. Rxe8 Rxe8 30. Rb7 Qf6 31. Rd7 Re5 32. Qg3 d5 33. Rxf7 Qxf7 34. Qxe5 dxc4 35. Qxc5 cxd3 36. cxd3 Qxa2 37. e5 Qb1+ 38. Kg2 Qxd3 39. e6 Qe4+ 40. Kf1 Qf3+ 41. Ke1 Qe4+ 42. Kd2 a4 43. Kc3 Kg8 44. h5 Qf3+ 45. Kb2 Qb3+ 46. Ka1 Qd5 47. Qe3 Qh1+ 48. Kb2 Qxh5 49. e7 Qe8 50. Qe6+ Kh8 51. Qd6 Kg8 52. Qe6+ Kh8 53. Ka3 h5 54. Kxa4 h4 55. f6 gxf6 56. Qxf6+ Kg8 57. Qxh4 Kf7 58. Qh7+ Ke6 59. Kb4 Qb8+ 60. Kc3 Qe5+ 61. Kd3 Kd7 62. e8Q+ Kxe8 63. Qe4 Qxe4+ 64. Kxe4 Kd7 65. Kd4 Kd6 66. Kc4 c5 67. Kc3 Kd5 68. Kd3 c4+ 69. Kc3 Kc5 70. Kc2 Kb4 71. Kb2 c3+ 1/2-1/2